000 00636nam a2200229Ia 4500
003 OSt
005 20220928111332.0
006 a|||||r|||| 00| 0
007 ta
008 220927b |||||||| |||| 00| 0 eng d
024 _a31615
037 _cReference Collections
040 _aSDCL
_cSDCL
_beng
041 _2eng
_aeng
082 _aQ7k, B5 RR
100 _aHughes Thomas Patrick
_9423273
245 0 _aDictionary of Islam.
260 _aNew Delhi
_bCosmo Publications
_c1855
300 _a748p
_ccm.
942 _hQ7k, B5 RR
_cREF
_2CC
999 _c739781
_d739781